Estudio sobre la lei de matrimonio civil del 10 de enero de 1884

Guardat en:
Dades bibliogràfiques
Autor principal: Alfonso, Paulino (Autor)
Format: Llibre
Idioma:espanyol
Publicat: Santiago Cervantes 1900
Matèries:
Etiquetes: Afegir etiqueta
Sense etiquetes, Sigues el primer a etiquetar aquest registre!

MARC

LEADER 00000nam a2200000 a 4500
001 UCR4214
003 CL-VaPUC
008 980307e19000000CL |||||||||||||||||spa|d
082 0 4 |a 346.016  |b ALF  |2 21 
100 0 |a Alfonso, Paulino  |e author  |9 403964 
245 1 0 |a Estudio sobre la lei de matrimonio civil del 10 de enero de 1884 
300 |a 147 p 
942 |c BK 
945 |d 19980307 00:00:00  |a cmena 
260 |a Santiago  |b Cervantes  |c 1900 
650 0 |a Código civil  |9 256135 
650 0 |a Matrimonio civil  |9 385406 
650 7 |a IMPEDIMENTOS  |2 CL-VaPUC  |9 257261 
650 0 |a Regímenes matrimoniales  |9 357525 
650 0 |a Separación de bienes  |9 357529 
650 7 |a DEBERES CONYUGALES  |2 CL-VaPUC  |9 403965 
650 0 |a Derecho de alimentos   |9 258635 
650 0 |a Separación conyugal  |9 257481 
650 0 |a Sociedad conyugal   |9 357527 
650 0 |a Divorcio  |9 256204 
651 7 |a CHILE  |2 CL-VaPUC  |9 403966 
583 |a last modification  |c 19980307 00:00:00  |k Rodrigo Vera 
999 |c 267165  |d 267163 
952 |0 0  |1 0  |4 0  |6 346_016000000000000_ALF_1900  |7 0  |8 DER_HDC  |9 299377  |a BIBDER  |b BIBDER  |d 2019-11-20  |i 1960180  |l 1  |o 346.016 ALF 1900  |p 1960180  |r 2023-01-25  |s 2020-03-16  |w 2019-11-20  |x Ubicación 4to Piso  |y BK_X  |z Estos recursos deben solicitarse con anticipación  |k DER 
952 |0 0  |1 0  |4 0  |6 346_016000000000000_ALF_1900  |7 0  |8 X  |9 299378  |a BIBDER  |b BIBDER  |d 2019-11-20  |i 3939618  |o 346.016 ALF 1900  |p 3939618  |r 2023-01-25  |w 2019-11-20  |y BK_X  |k DER